000 00611nam a2200217 i 4500
001 81199
003 ES-MaACL
005 20230906174404.0
007 t|
008 041103s1946 sp |||| | spa d
100 1 _aHome, Michael.
_964109
245 1 0 _aZerzura
_b: el oasis perdido /
_cMichael Home ; [traducida del inglés por Pedro Reverté].
250 _a1ª ed.
260 _a[Barcelona] :
_bAgora,
_c1946 (
_fMyria)
300 _a318 p. ;
_c21 cm.
490 1 _aGorgona
700 1 _aReverté, Pedro.
_996415
830 0 _aGorgona
_9183698
852 _aES-MaACL
_jD-6141
999 _c81199
_d81199